[Event "36. Copenhagen Open (Politiken Cup)"]
[Site "Elsinore"]
[Date "2014.07.28"]
[Round "9"]
[White "Rimer, Jan"]
[Black "Evertsson, Lennart"]
[Result "0-1"]
[WhiteElo "2039"]
[BlackElo "2196"]
[PlyCount "198"]
[EventDate "2014.07.21"]
[EventType "swiss"]
[EventRounds "10"]
[EventCountry "DEN"]
[Source "ChessBase"]
[SourceDate "2014.08.29"]

1. d4 Nf6 2. c4 e6 3. Nf3 c5 4. e3 b6 5. Nc3 Bb7 6. d5 exd5 7. cxd5 d6 8. e4
Nbd7 9. Bd3 a6 10. a4 g6 11. Bf4 Qe7 12. O-O Bg7 13. e5 dxe5 14. Nxe5 Nxe5 15.
Bxe5 O-O 16. Re1 Rfe8 17. Qd2 Qd7 18. Bc4 Qg4 19. Qd3 Rxe5 20. Rxe5 Qf4 21. Re2
Ng4 22. g3 Qh6 23. h4 Ne5 24. Rxe5 Bxe5 25. Re1 Qg7 26. f4 Bd4+ 27. Kh2 Qf6 28.
Ne4 Qd8 29. b4 Kg7 30. bxc5 bxc5 31. Nc3 Qf6 32. Ne4 Qf5 33. Qb3 Bc8 34. Bf1
Bd7 35. Ng5 Qf6 36. Qb7 Rd8 37. Bxa6 h6 38. Ne4 Qf5 39. Bf1 Bc8 40. Qc6 Qxd5
41. Qxd5 Rxd5 42. Bc4 Rd7 43. Re2 Bb7 44. Nf2 Bf3 45. Ra2 Rb7 46. Bb5 Re7 47.
Bf1 Bd5 48. Rd2 Re1 49. Bg2 Bb3 50. Bc6 Be3 51. Rb2 c4 52. Bd5 Ra1 53. Ne4 Rxa4
54. Nd6 Bc5 55. Nxf7 Bd4 56. Rxb3 cxb3 57. Bxb3 Ra3 58. Bd5 Bf2 59. h5 Bxg3+
60. Kg2 Bxf4 61. hxg6 Kxg6 62. Nd8 Kf5 63. Ne6 Be5 64. Nd8 Rd3 65. Nc6 Bd6 66.
Bf3 Rd2+ 67. Kf1 Kf4 68. Bh5 Ke3 69. Na5 Rf2+ 70. Kg1 Rf4 71. Kg2 Bc7 72. Nc6
Rc4 73. Ne7 Rc2+ 74. Kh3 Rd2 75. Bf7 Be5 76. Kg4 Rd7 77. Nf5+ Kf2 78. Bg6 Ra7
79. Nxh6 Bg7 80. Nf5 Bf6 81. Ng3 Bd4 82. Ne4+ Ke3 83. Kf5 Ra6 84. Kg5 Ra1 85.
Kf5 Rf1+ 86. Kg5 Bb6 87. Bf5 Bd8+ 88. Kg6 Kf4 89. Nd6 Be7 90. Nc8 Bc5 91. Bh3
Rf3 92. Bd7 Ke5 93. Bg4 Rf6+ 94. Kg7 Rc6 95. Kf7 Rc7+ 96. Kg6 Bd4 97. Bh3 Kd5
98. Bf5 Rg7+ 99. Kh5 Ke5 0-1

[Event "36. Copenhagen Open (Politiken Cup)"]
[Site "Elsinore"]
[Date "2014.07.28"]
[Round "9"]
[White "Risting, Eivind Olav"]
[Black "Jacobsen, Mikkel Manosri"]
[Result "0-1"]
[WhiteElo "1875"]
[BlackElo "2030"]
[PlyCount "116"]
[EventDate "2014.07.21"]
[EventType "swiss"]
[EventRounds "10"]
[EventCountry "DEN"]
[Source "ChessBase"]
[SourceDate "2014.08.29"]

1. b3 d5 2. Bb2 Nf6 3. e3 c5 4. Nf3 Bf5 5. Bb5+ Nbd7 6. O-O e6 7. Nh4 Bg4 8.
Be2 Bxe2 9. Qxe2 Bd6 10. c4 O-O 11. cxd5 exd5 12. Nf3 Rc8 13. d4 c4 14. Rc1 b5
15. a4 a6 16. Ne5 Re8 17. Nxd7 Nxd7 18. Nd2 Bb4 19. Ba3 Bxa3 20. Rxa3 c3 21.
Nf3 b4 22. Raa1 Qb6 23. Qc2 g6 24. Ne1 Nb8 25. Nd3 Nc6 26. Rab1 Ra8 27. Nc5 Ra7
28. Rd1 f5 29. g3 Nb8 30. Rbc1 Qf6 31. Re1 Rae7 32. Nd3 Nc6 33. Kg2 g5 34. Qb1
h5 35. Qa2 f4 36. exf4 Qxd4 37. Qc2 gxf4 38. Rxe7 Rxe7 39. Nxf4 Qe4+ 40. Qxe4
dxe4 41. Nd5 Re5 42. Nxc3 bxc3 43. Rxc3 Nd4 44. b4 Kf7 45. Rc7+ Kf6 46. Ra7 Re6
47. Rh7 Kg6 48. Rd7 Nf3 49. Rd5 Rc6 50. Ra5 Ne1+ 51. Kf1 Nd3 52. b5 axb5 53.
Rxb5 Rc2 54. Rd5 Rxf2+ 55. Kg1 Ra2 56. a5 Ne1 57. Kf1 Nf3 58. a6 e3 0-1

[Event "36. Copenhagen Open (Politiken Cup)"]
[Site "Elsinore"]
[Date "2014.07.28"]
[Round "9"]
[White "Rosell, Sven"]
[Black "Brondum, Eric"]
[Result "1/2-1/2"]
[WhiteElo "1985"]
[BlackElo "2119"]
[PlyCount "50"]
[EventDate "2014.07.21"]
[EventType "swiss"]
[EventRounds "10"]
[EventCountry "DEN"]
[Source "ChessBase"]
[SourceDate "2014.08.29"]

1. c4 g6 2. Nf3 Bg7 3. g3 d6 4. Bg2 Nf6 5. Nc3 O-O 6. O-O Nbd7 7. d3 e5 8. Rb1
a5 9. a3 Re8 10. b4 axb4 11. axb4 e4 12. Nd2 exd3 13. exd3 Ne5 14. Nde4 Nxe4
15. Nxe4 Bf5 16. Bb2 c6 17. Qb3 Qd7 18. f4 Bxe4 19. dxe4 Ng4 20. Bxg7 Kxg7 21.
Qc3+ f6 22. h3 Nh6 23. Rbd1 Qe7 24. Rd2 Nf7 25. Rfd1 Red8 1/2-1/2

[Event "36. Copenhagen Open (Politiken Cup)"]
[Site "Elsinore"]
[Date "2014.07.28"]
[Round "9"]
[White "Roser, Kevin"]
[Black "Hillarp Persson, Tiger"]
[Result "0-1"]
[WhiteElo "2406"]
[BlackElo "2564"]
[PlyCount "88"]
[EventDate "2014.07.21"]
[EventType "swiss"]
[EventRounds "10"]
[EventCountry "DEN"]
[Source "ChessBase"]
[SourceDate "2014.08.29"]

1. e4 c5 2. Nf3 e6 3. d4 cxd4 4. Nxd4 a6 5. Bd3 Bc5 6. Nb3 Be7 7. O-O d6 8. c4
Nf6 9. Nc3 b6 10. f4 Nbd7 11. Be3 Qc7 12. Qf3 Bb7 13. Rad1 h5 14. h3 g6 15. Qf2
h4 16. Bd4 Rh7 17. Nd2 Nh5 18. Be3 Ng3 19. Rfe1 f5 20. exf5 gxf5 21. Nf3 O-O-O
22. b4 Rg8 23. Bd4 Rg6 24. Rc1 Kb8 25. Na4 Nh5 26. Be3 Qc6 27. Ng5 Bxg5 28. b5
axb5 29. cxb5 Qxg2+ 30. Qxg2 Bxg2 31. fxg5 Bb7 32. Kf2 Ne5 33. Bf1 Rhg7 34.
Nxb6 f4 35. Bd4 Rxg5 36. Rxe5 dxe5 37. Bc5 e4 38. a4 e3+ 39. Ke1 Rxc5 40. Rxc5
Ng3 41. Rc3 Ne4 42. Rd3 Rg1 43. a5 Ng3 44. Rd8+ Ka7 0-1

[Event "36. Copenhagen Open (Politiken Cup)"]
[Site "Elsinore"]
[Date "2014.07.28"]
[Round "9"]
[White "Salomon, Johan"]
[Black "Chevannes, Sabrina"]
[Result "1/2-1/2"]
[WhiteElo "2346"]
[BlackElo "2160"]
[PlyCount "91"]
[EventDate "2014.07.21"]
[EventType "swiss"]
[EventRounds "10"]
[EventCountry "DEN"]
[Source "ChessBase"]
[SourceDate "2014.08.29"]

1. c4 e6 2. d4 d5 3. Nc3 c6 4. e4 dxe4 5. Nxe4 Nf6 6. Nxf6+ Qxf6 7. Nf3 Bb4+ 8.
Bd2 Bxd2+ 9. Qxd2 O-O 10. Bd3 c5 11. dxc5 Nd7 12. Qe3 Qxb2 13. O-O Qb4 14. Ng5
h6 15. Ne4 Qa5 16. g4 f5 17. g5 fxe4 18. Qxe4 Qxc5 19. Qh7+ Kf7 20. Bg6+ Ke7
21. Qxg7+ Kd8 22. gxh6 Qe7 23. Bh7 Nf6 24. Rad1+ Bd7 25. Rd3 Nxh7 26. Rfd1 Nf6
27. Qg2 Rg8 28. Rg3 Kc7 29. Qf3 Bc6 30. Qc3 Rxg3+ 31. hxg3 Rh8 32. Qe5+ Kc8 33.
Qf4 Rd8 34. Re1 Qb4 35. Qe5 Qe7 36. Qf4 e5 37. Qf5+ Kc7 38. g4 Nxg4 39. Qxg4
Qf7 40. Rxe5 Rg8 41. Rg5 Rxg5 42. Qxg5 Kc8 43. Qg4+ Bd7 44. Qg5 Bc6 45. Qg4+
Bd7 46. Qg5 1/2-1/2

[Event "36. Copenhagen Open (Politiken Cup)"]
[Site "Elsinore"]
[Date "2014.07.28"]
[Round "9"]
[White "Saltvedt, Martin"]
[Black "Strachan, Christian C"]
[Result "1-0"]
[WhiteElo "1779"]
[BlackElo "1918"]
[PlyCount "77"]
[EventDate "2014.07.21"]
[EventType "swiss"]
[EventRounds "10"]
[EventCountry "DEN"]
[Source "ChessBase"]
[SourceDate "2014.08.29"]

1. d4 d5 2. c4 c6 3. Nc3 Nf6 4. Nf3 a6 5. Bg5 Ne4 6. Nxe4 dxe4 7. Nd2 Qxd4 8.
Qc2 Bf5 9. Be3 Qe5 10. g3 Nd7 11. Bg2 e6 12. Bxe4 Bxe4 13. Nxe4 Bb4+ 14. Nd2
O-O 15. O-O Nf6 16. Nf3 Qa5 17. Rfd1 Rfd8 18. a3 Be7 19. Qb3 Rxd1+ 20. Rxd1 b5
21. Nd4 Qc7 22. Rc1 Qb7 23. cxb5 cxb5 24. Nc6 Bf8 25. Na5 Qd5 26. Qc2 Qd8 27.
b4 Nd5 28. Bd2 h5 29. e4 Ne7 30. Be3 Rc8 31. Bc5 Ng6 32. Nb3 Ne5 33. Qe2 g6 34.
Rd1 Qc7 35. Bxf8 Kxf8 36. Nc5 Qc6 37. Qb2 Nc4 38. Qf6 Nd6 39. Nxe6+ 1-0

[Event "36. Copenhagen Open (Politiken Cup)"]
[Site "Elsinore"]
[Date "2014.07.28"]
[Round "9"]
[White "Schmied, Andreas"]
[Black "Molvig, Henrik"]
[Result "1/2-1/2"]
[WhiteElo "2018"]
[BlackElo "2162"]
[PlyCount "36"]
[EventDate "2014.07.21"]
[EventType "swiss"]
[EventRounds "10"]
[EventCountry "DEN"]
[Source "ChessBase"]
[SourceDate "2014.08.29"]

1. e4 c5 2. Nf3 d6 3. d4 cxd4 4. Qxd4 a6 5. Bg5 Nc6 6. Qd2 h6 7. Be3 Nf6 8. Nc3
e6 9. h3 Be7 10. O-O-O b5 11. a3 O-O 12. g4 Rb8 13. g5 hxg5 14. Rg1 b4 15. axb4
Rxb4 16. Nd4 Nxd4 17. Bxd4 Qa5 18. Kb1 Rxd4 1/2-1/2

[Event "36. Copenhagen Open (Politiken Cup)"]
[Site "Elsinore"]
[Date "2014.07.28"]
[Round "9"]
[White "Schultz Pedersen, Jesper"]
[Black "Hansen, Max"]
[Result "0-1"]
[WhiteElo "2235"]
[BlackElo "2009"]
[PlyCount "52"]
[EventDate "2014.07.21"]
[EventType "swiss"]
[EventRounds "10"]
[EventCountry "DEN"]
[Source "ChessBase"]
[SourceDate "2014.08.29"]

1. e4 c6 2. Nc3 d5 3. Nf3 dxe4 4. Ng5 e3 5. fxe3 e5 6. Nf3 Bg4 7. Be2 Nd7 8.
O-O Ngf6 9. Qe1 Bd6 10. b3 Qe7 11. Nh4 Be6 12. Nf5 Bxf5 13. Rxf5 e4 14. Bb2
O-O-O 15. Qh4 h5 16. Raf1 Be5 17. d4 exd3 18. Bxd3 Qc5 19. R1f3 Ng4 20. Ne4 Qa5
21. Nd6+ Kb8 22. Nc4 Qc7 23. Rxf7 g5 24. Nxe5 gxh4 25. Nxd7+ Rxd7 26. Bxh8 Rxf7
0-1

[Event "36. Copenhagen Open (Politiken Cup)"]
[Site "Elsinore"]
[Date "2014.07.28"]
[Round "9"]
[White "Skjoldager, Flemming"]
[Black "Keen, Cosima C"]
[Result "1/2-1/2"]
[WhiteElo "1882"]
[BlackElo "1729"]
[PlyCount "156"]
[EventDate "2014.07.21"]
[EventType "swiss"]
[EventRounds "10"]
[EventCountry "DEN"]
[Source "ChessBase"]
[SourceDate "2014.08.29"]

1. e4 c6 2. d4 d5 3. e5 Bf5 4. Nf3 e6 5. Be2 Bg6 6. O-O Nh6 7. Nbd2 Nf5 8. Nb3
Nd7 9. c4 dxc4 10. Bxc4 Nb6 11. Be2 Nd5 12. Bd2 Rc8 13. Rc1 Bb4 14. a3 Bxd2 15.
Qxd2 O-O 16. Rfd1 Qe7 17. g3 f6 18. exf6 gxf6 19. g4 Nd6 20. Nh4 Be8 21. Qh6
Nf7 22. Qd2 f5 23. Ng2 Ng5 24. Qd3 fxg4 25. Bxg4 Bg6 26. Qe2 h5 27. h4 hxg4 28.
hxg5 Qxg5 29. Qxe6+ Bf7 30. Qe5 Qh6 31. Qg3 Kh7 32. Qh4 Qxh4 33. Nxh4 Nf4 34.
Nc5 Ne2+ 35. Kh2 Nxc1 36. Rxc1 Bd5 37. Kg3 b6 38. Nd7 Rf7 39. Ne5 Re7 40. Nf5
Re6 41. Nxg4 Rg8 42. f3 Rg5 43. Rh1+ Kg6 44. Nh4+ Kf7 45. Kf4 Rh5 46. Kg3 Re2
47. Ne5+ Ke8 48. b4 Ra2 49. Re1 Kd8 50. Re3 Ra1 51. Kg4 Rh7 52. Nhg6 Rg7 53.
Kf5 Rd1 54. Kf6 Rh7 55. Nf4 Rxd4 56. Nxc6+ Bxc6 57. Ne6+ Kd7 58. Nxd4 Bd5 59.
Rd3 Kc8 60. Rc3+ Kb7 61. f4 Rf7+ 62. Ke5 Ba2 63. f5 Rc7 64. Rxc7+ Kxc7 65. Nb5+
Kb7 66. f6 a6 67. Nd6+ Kc6 68. a4 a5 69. f7 Bxf7 70. Nxf7 axb4 71. Kd4 b3 72.
Ne5+ Kb7 73. Kc3 b5 74. a5 Ka6 75. Nc6 b2 76. Kxb2 b4 77. Kb3 Kb5 78. Nxb4 Kxa5
1/2-1/2

[Event "36. Copenhagen Open (Politiken Cup)"]
[Site "Elsinore"]
[Date "2014.07.28"]
[Round "9"]
[White "Skovgaard, Ib"]
[Black "Christiansen, Torsten Sundgaar"]
[Result "1-0"]
[WhiteElo "2019"]
[BlackElo "1793"]
[PlyCount "67"]
[EventDate "2014.07.21"]
[EventType "swiss"]
[EventRounds "10"]
[EventCountry "DEN"]
[Source "ChessBase"]
[SourceDate "2014.08.29"]

1. e4 g6 2. d4 Nf6 3. e5 Nh5 4. Nf3 d5 5. Be3 Nc6 6. c3 a6 7. h3 Rb8 8. Nbd2 b5
9. Nb3 f6 10. Be2 a5 11. a4 bxa4 12. Nc5 Rxb2 13. e6 Qd6 14. Qxa4 Ng7 15. Bb5
Rxb5 16. Qxb5 Nxe6 17. O-O Kf7 18. Rfe1 g5 19. Nd3 h5 20. Qxc6 Qxc6 21. Nfe5+
fxe5 22. Nxe5+ Kf6 23. Nxc6 a4 24. Ne5 c5 25. Rxa4 cxd4 26. cxd4 Nf4 27. Bxf4
gxf4 28. Rc1 Bf5 29. Ra6+ e6 30. Rc7 Be7 31. h4 Rg8 32. Raa7 Rg7 33. f3 Rh7 34.
Nc6 1-0

[Event "36. Copenhagen Open (Politiken Cup)"]
[Site "Elsinore"]
[Date "2014.07.28"]
[Round "9"]
[White "Smirnov, Anton"]
[Black "Merkesvik, Sondre"]
[Result "1-0"]
[WhiteElo "2334"]
[BlackElo "2057"]
[PlyCount "119"]
[EventDate "2014.07.21"]
[EventType "swiss"]
[EventRounds "10"]
[EventCountry "DEN"]
[Source "ChessBase"]
[SourceDate "2014.08.29"]

1. e4 c5 2. Nf3 d6 3. d4 cxd4 4. Nxd4 Nf6 5. Nc3 g6 6. g3 Bg7 7. Bg2 Bg4 8.
Nde2 Nc6 9. h3 Bd7 10. O-O h5 11. Nf4 Qc8 12. h4 Bg4 13. f3 Bd7 14. Re1 O-O 15.
Be3 Rd8 16. Qe2 b6 17. Rad1 Qb7 18. Ncd5 Rac8 19. Nxf6+ Bxf6 20. c3 Bg7 21. Nd5
b5 22. Kh2 b4 23. cxb4 e6 24. Nc3 Qxb4 25. a3 Qb8 26. Bg5 Re8 27. Nb5 Bf8 28.
Nd4 Bg7 29. Nxc6 Bxc6 30. Rd2 d5 31. e5 Bb5 32. Qe3 Rc7 33. Bf6 Rec8 34. Rd4
Rc2 35. Rb4 a5 36. Rb3 a4 37. Rb4 Qb7 38. Kh3 Qa6 39. g4 hxg4+ 40. Rxg4 Bd3 41.
Rg3 Rxb2 42. h5 Rcc2 43. Qg5 Rxg2 44. Rxg2 Bf1 45. Bxg7 Rxg2 46. Qd8+ Kxg7 47.
h6+ Kh7 48. Qf6 Rg5+ 49. Kh4 Rh5+ 50. Kg3 Rh3+ 51. Kg4 Rxh6 52. Qxf7+ Kh8 53.
Qf8+ Kh7 54. Qf7+ Kh8 55. Rc1 Bc4 56. Kg5 Rh3 57. Rh1 Rxh1 58. Kf6 Qa7 59. Qxa7
Rh7 60. Qb8# 1-0

[Event "36. Copenhagen Open (Politiken Cup)"]
[Site "Elsinore"]
[Date "2014.07.28"]
[Round "9"]
[White "Stam, Bart"]
[Black "Madison, Sigurd"]
[Result "0-1"]
[WhiteElo "2017"]
[BlackElo "1792"]
[PlyCount "76"]
[EventDate "2014.07.21"]
[EventType "swiss"]
[EventRounds "10"]
[EventCountry "DEN"]
[Source "ChessBase"]
[SourceDate "2014.08.29"]

1. e4 d6 2. d4 g6 3. Nc3 Bg7 4. f4 c6 5. Nf3 Nf6 6. Bd3 O-O 7. O-O c5 8. dxc5
dxc5 9. Kh1 Nc6 10. e5 Ng4 11. h3 Nh6 12. Be3 Nd4 13. Ne2 Nxf3 14. Rxf3 Qc7 15.
Qe1 Nf5 16. Bg1 Be6 17. Qc3 Rac8 18. Be4 b5 19. a3 Kh8 20. Qe1 f6 21. g4 Nh6
22. f5 gxf5 23. gxf5 Nxf5 24. Bxf5 Bd5 25. Qh4 Bxf3+ 26. Kh2 Qxe5+ 27. Ng3 h6
28. Bxc8 Rxc8 29. Rf1 Bb7 30. Rf5 Qd6 31. Be3 Qc6 32. Rf2 f5 33. Qxe7 Qd5 34.
Rd2 Qc6 35. Qh4 Be5 36. Rd8+ Rxd8 37. Qxd8+ Kh7 38. Qe7+ Bg7 0-1

[Event "36. Copenhagen Open (Politiken Cup)"]
[Site "Elsinore"]
[Date "2014.07.28"]
[Round "9"]
[White "Stojanovski, Sandi"]
[Black "Rogers, Timothy"]
[Result "0-1"]
[WhiteElo "2230"]
[BlackElo "2011"]
[PlyCount "78"]
[EventDate "2014.07.21"]
[EventType "swiss"]
[EventRounds "10"]
[EventCountry "DEN"]
[Source "ChessBase"]
[SourceDate "2014.08.29"]

1. d4 d5 2. c4 e6 3. Nc3 Be7 4. Nf3 Nf6 5. Bg5 h6 6. Bh4 O-O 7. e3 b6 8. Bxf6
Bxf6 9. cxd5 exd5 10. Be2 Be6 11. b4 c5 12. bxc5 bxc5 13. Rc1 Qa5 14. O-O Nc6
15. Bb5 Nb4 16. Bd3 Nxd3 17. Qxd3 Rac8 18. Nd2 cxd4 19. exd4 Qb4 20. Ne2 Bd7
21. Rb1 Qa5 22. Rb2 a6 23. Nb3 Bb5 24. Nxa5 Bxd3 25. Rd1 Rfe8 26. Nf4 Bc2 27.
Rc1 Bxd4 28. Rb7 Bc3 29. Nb3 Bb2 30. Rf1 Rcd8 31. Nc5 Bd4 32. Nb3 Be5 33. g3 g5
34. Ng2 d4 35. f4 gxf4 36. Nxf4 d3 37. Nd2 Ba4 38. Re1 Bc3 39. Rxe8+ Rxe8 0-1

[Event "36. Copenhagen Open (Politiken Cup)"]
[Site "Elsinore"]
[Date "2014.07.28"]
[Round "9"]
[White "Stray, Gunnar"]
[Black "Hansen, Verner"]
[Result "1-0"]
[WhiteElo "2053"]
[BlackElo "1888"]
[PlyCount "85"]
[EventDate "2014.07.21"]
[EventType "swiss"]
[EventRounds "10"]
[EventCountry "DEN"]
[Source "ChessBase"]
[SourceDate "2014.08.29"]

1. d4 d5 2. Nf3 e6 3. e3 c5 4. b3 cxd4 5. exd4 Nf6 6. Bd3 Nc6 7. a3 Bd6 8. Bb2
Bd7 9. O-O Qc7 10. Re1 O-O 11. Nbd2 Rac8 12. Ne5 Ne7 13. Qf3 Ng6 14. g3 Bc6 15.
Nxc6 bxc6 16. Qg2 Rfe8 17. f4 c5 18. c3 Qb6 19. Kh1 Ne7 20. b4 cxd4 21. cxd4
Rc7 22. Nb3 Nc6 23. Qf3 Rec8 24. g4 Ne7 25. f5 Ne4 26. fxe6 f6 27. Re2 Ng6 28.
Bxe4 dxe4 29. Qxe4 Re7 30. d5 Rec7 31. Bd4 Qa6 32. Nc5 Qb5 33. Rb1 Nf4 34. Rc2
a5 35. a4 Qe8 36. Be3 axb4 37. Bxf4 Bxf4 38. Qxf4 Rxc5 39. Rxc5 Rxc5 40. Qd6
Qc8 41. Re1 h5 42. e7 Rc1 43. Qd8+ 1-0

[Event "36. Copenhagen Open (Politiken Cup)"]
[Site "Elsinore"]
[Date "2014.07.28"]
[Round "9"]
[White "Svane, Minna"]
[Black "Edwardsson, Hannu Kalervo"]
[Result "1/2-1/2"]
[WhiteElo "1278"]
[BlackElo "1455"]
[PlyCount "54"]
[EventDate "2014.07.21"]
[EventType "swiss"]
[EventRounds "10"]
[EventCountry "DEN"]
[Source "ChessBase"]
[SourceDate "2014.08.29"]

1. e4 e5 2. Nf3 d6 3. d4 exd4 4. Nxd4 Nf6 5. Nc3 Be7 6. Bf4 O-O 7. Qd2 Bd7 8.
O-O-O Nc6 9. f3 Ne5 10. h4 a6 11. g4 c5 12. Bxe5 dxe5 13. Nf5 Bxf5 14. exf5
Qxd2+ 15. Rxd2 Rfd8 16. Bd3 Nd5 17. Nxd5 Rxd5 18. Be4 Rxd2 19. Kxd2 Rd8+ 20.
Ke2 b6 21. g5 f6 22. gxf6 Bxf6 23. h5 h6 24. Rd1 Rxd1 25. Kxd1 Kf8 26. Kd2 Ke7
27. a4 a5 1/2-1/2

[Event "36. Copenhagen Open (Politiken Cup)"]
[Site "Elsinore"]
[Date "2014.07.28"]
[Round "9"]
[White "Svane, Rasmus"]
[Black "Rewitz, Poul"]
[Result "1-0"]
[WhiteElo "2494"]
[BlackElo "2218"]
[PlyCount "57"]
[EventDate "2014.07.21"]
[EventType "swiss"]
[EventRounds "10"]
[EventCountry "DEN"]
[Source "ChessBase"]
[SourceDate "2014.08.29"]

1. c4 g6 2. d4 f5 3. Nc3 Nf6 4. h4 d6 5. h5 Nxh5 6. Rxh5 gxh5 7. e4 Be6 8. Be2
Bf7 9. Bxh5 Bxh5 10. Qxh5+ Kd7 11. Nf3 c6 12. Ng5 Qe8 13. Qh3 Na6 14. exf5 Kc8
15. Bf4 Nc7 16. O-O-O b6 17. Re1 Qd7 18. Ne6 Nxe6 19. fxe6 Qe8 20. c5 dxc5 21.
Rd1 Kb7 22. d5 cxd5 23. Rxd5 Qg6 24. Rd7+ Ka6 25. Qf3 Qxe6 26. Qb7+ Ka5 27.
Qxa7+ Rxa7 28. Rxa7+ Kb4 29. Ra4# 1-0

[Event "36. Copenhagen Open (Politiken Cup)"]
[Site "Elsinore"]
[Date "2014.07.28"]
[Round "9"]
[White "Thaler, Toni"]
[Black "Tretvold, Martin"]
[Result "1-0"]
[WhiteElo "2081"]
[BlackElo "1857"]
[PlyCount "69"]
[EventDate "2014.07.21"]
[EventType "swiss"]
[EventRounds "10"]
[EventCountry "DEN"]
[Source "ChessBase"]
[SourceDate "2014.08.29"]

1. d4 b6 2. Nf3 Bb7 3. g3 Nf6 4. Bg2 g6 5. O-O Bg7 6. c4 O-O 7. Nc3 d6 8. Qc2
Nbd7 9. e4 e5 10. d5 Nh5 11. Bd2 h6 12. Nh4 Kh7 13. Bh3 Bf6 14. Ng2 Bc8 15. f4
exf4 16. gxf4 Nc5 17. Bxc8 Qxc8 18. Rae1 Qg4 19. Kh1 Rae8 20. b4 Nb7 21. Qd1
Qd7 22. Qf3 a5 23. a3 Re7 24. Ne3 Bg7 25. Nf5 gxf5 26. Qxh5 fxe4 27. Nxe4 Rfe8
28. Ng5+ Kg8 29. Rxe7 Rxe7 30. f5 hxg5 31. f6 Bxf6 32. Rxf6 Re5 33. Rh6 Qf5 34.
Rh8+ Kg7 35. Qh6# 1-0

[Event "36. Copenhagen Open (Politiken Cup)"]
[Site "Elsinore"]
[Date "2014.07.28"]
[Round "9"]
[White "Thogersen, Rasmus"]
[Black "Bach, Matthias"]
[Result "1-0"]
[WhiteElo "2089"]
[BlackElo "2224"]
[PlyCount "83"]
[EventDate "2014.07.21"]
[EventType "swiss"]
[EventRounds "10"]
[EventCountry "DEN"]
[Source "ChessBase"]
[SourceDate "2014.08.29"]

1. e4 e5 2. Nf3 Nc6 3. Bb5 Bc5 4. c3 f5 5. d4 fxe4 6. Nfd2 Be7 7. d5 Nf6 8.
dxc6 bxc6 9. Ba4 Bb7 10. c4 O-O 11. Nc3 d5 12. O-O Kh8 13. Qe2 Rb8 14. Ncxe4
dxe4 15. Nxe4 Nxe4 16. Qxe4 Qd4 17. Bc2 Qxe4 18. Bxe4 Bc5 19. Be3 Bd4 20. Bxd4
exd4 21. c5 Ba6 22. Rfb1 d3 23. b3 Rbd8 24. Rb2 Rd4 25. f3 g5 26. Rd2 Kg7 27.
Bxc6 h5 28. Re1 Rf5 29. Rc1 g4 30. Kf2 gxf3 31. gxf3 Kf6 32. Ke3 Rh4 33. Be4
Re5 34. Rg1 Kf7 35. Kd4 Rf5 36. Rdg2 Rxf3 37. Ke5 Rff4 38. Bd5+ Ke8 39. Rg8+
Rf8 40. Bc6+ Ke7 41. R1g7+ Rf7 42. Re8# 1-0

[Event "36. Copenhagen Open (Politiken Cup)"]
[Site "Elsinore"]
[Date "2014.07.28"]
[Round "9"]
[White "Thomsen, Kim"]
[Black "Rose, Dennis Lauge"]
[Result "1/2-1/2"]
[WhiteElo "1994"]
[BlackElo "1839"]
[PlyCount "107"]
[EventDate "2014.07.21"]
[EventType "swiss"]
[EventRounds "10"]
[EventCountry "DEN"]
[Source "ChessBase"]
[SourceDate "2014.08.29"]

1. d4 f5 2. g3 e6 3. Bg2 d5 4. c4 c6 5. Nc3 Bd6 6. b3 Nf6 7. Nf3 O-O 8. O-O
Nbd7 9. e3 Ne4 10. Bb2 Ng5 11. Rc1 Nxf3+ 12. Qxf3 Nf6 13. Rc2 Bd7 14. Ne2 Qe7
15. Nf4 Be8 16. Qe2 Ne4 17. f3 Nf6 18. Nd3 Bh5 19. Qe1 Rac8 20. a4 a6 21. Bc3
dxc4 22. bxc4 Nd7 23. Rb2 Rb8 24. e4 fxe4 25. fxe4 Rxf1+ 26. Qxf1 Bg6 27. e5
Bc7 28. Bb4 c5 29. Nxc5 a5 30. Nxe6 axb4 31. Nxc7 Nxe5 32. Nd5 Qd6 33. dxe5
Qxe5 34. Rxb4 Rf8 35. Nf4 Qc5+ 36. Kh1 Qxb4 37. Bd5+ Bf7 38. Qd1 Qe7 39. Qb1
Qe3 40. Qxb7 g5 41. Nh3 Qe1+ 42. Kg2 Qe2+ 43. Kh1 Qd1+ 44. Kg2 Bxd5+ 45. Qxd5+
Qxd5+ 46. cxd5 h6 47. Nf2 Ra8 48. Ng4 Kg7 49. Ne3 Rxa4 50. Kf3 h5 51. h3 Kf6
52. g4 Rf4+ 53. Kg2 h4 54. Nf5 1/2-1/2

[Event "36. Copenhagen Open (Politiken Cup)"]
[Site "Elsinore"]
[Date "2014.07.28"]
[Round "9"]
[White "Thomsen, Kurt"]
[Black "Leite, Steinar"]
[Result "1-0"]
[WhiteElo "1940"]
[BlackElo "1760"]
[PlyCount "83"]
[EventDate "2014.07.21"]
[EventType "swiss"]
[EventRounds "10"]
[EventCountry "DEN"]
[Source "ChessBase"]
[SourceDate "2014.08.29"]

1. d4 f5 2. g3 e6 3. Bg2 d5 4. Nf3 Be7 5. O-O Nf6 6. c4 c6 7. Nbd2 O-O 8. Qc2
Ne4 9. Ne5 Nd7 10. Nd3 Bf6 11. Nf3 Qe7 12. Bf4 g5 13. Be5 Qg7 14. b4 Nb6 15.
Bxf6 Rxf6 16. c5 Nd7 17. Nfe5 Rh6 18. f3 Nef6 19. b5 Nxe5 20. Nxe5 Nd7 21. Qc3
Nxe5 22. dxe5 Bd7 23. b6 a6 24. e4 f4 25. Rae1 Re8 26. Qd4 Qf7 27. g4 Rh4 28.
Rf2 Re7 29. h3 h5 30. gxh5 Rxh5 31. Kf1 Rh6 32. Ke2 Bc8 33. Rg1 Rd7 34. Bf1 Qe7
35. Rfg2 Rg6 36. h4 g4 37. Rxg4 Rxg4 38. Rxg4+ Kh8 39. exd5 exd5 40. e6+ Kh7
41. Kd2 Qxe6 42. Bd3+ 1-0

[Event "36. Copenhagen Open (Politiken Cup)"]
[Site "Elsinore"]
[Date "2014.07.28"]
[Round "9"]
[White "Thuesen, Mogens Henrik"]
[Black "Koepke, Christian"]
[Result "0-1"]
[WhiteElo "2196"]
[BlackElo "2322"]
[PlyCount "92"]
[EventDate "2014.07.21"]
[EventType "swiss"]
[EventRounds "10"]
[EventCountry "DEN"]
[Source "ChessBase"]
[SourceDate "2014.08.29"]

1. d4 Nf6 2. c4 g6 3. Nc3 Bg7 4. e4 d6 5. f3 O-O 6. Be3 Nc6 7. Nge2 a6 8. Qd2
Rb8 9. Rc1 Bd7 10. Nd1 b5 11. c5 Re8 12. Nf2 dxc5 13. Rxc5 e5 14. d5 Ne7 15.
Qc1 Bf8 16. Nd3 c6 17. d6 Nc8 18. Nxe5 Nxd6 19. Ng3 Qa5+ 20. Kf2 Qxa2 21. Be2
Nc4 22. Nxc4 bxc4 23. Rxc4 c5 24. Bg5 Bg7 25. Rxc5 Rxb2 26. Qc4 Qxc4 27. Rxc4
Bb5 28. Rcc1 Nh5 29. Rhe1 Nxg3 30. hxg3 f5 31. Kf1 Rxe2 32. Rxe2 fxe4 33. Rcc2
exf3 34. gxf3 Rxe2 35. Rxe2 Kf7 36. Bd2 Be5 37. f4 Bc7 38. Ke1 Bxe2 39. Kxe2
Ke6 40. g4 Kd5 41. Kd3 Bd6 42. Ke3 Bc7 43. Kf3 a5 44. Bc1 a4 45. Bb2 Bd6 46.
Ba1 a3 0-1

[Event "36. Copenhagen Open (Politiken Cup)"]
[Site "Elsinore"]
[Date "2014.07.28"]
[Round "9"]
[White "Thybo, Jan"]
[Black "Merkesvik, Amalie Isabel"]
[Result "0-1"]
[WhiteElo "1347"]
[BlackElo "1497"]
[PlyCount "50"]
[EventDate "2014.07.21"]
[EventType "swiss"]
[EventRounds "10"]
[EventCountry "DEN"]
[Source "ChessBase"]
[SourceDate "2014.08.29"]

1. e4 e5 2. Nf3 Nc6 3. Bc4 Bc5 4. O-O Nf6 5. d4 exd4 6. e5 d5 7. exf6 dxc4 8.
fxg7 Rg8 9. Re1+ Be6 10. Bh6 Qf6 11. Bg5 Qxg7 12. g3 h6 13. Bf4 O-O-O 14. Nbd2
Bd5 15. Ne4 Bb4 16. Re2 Rde8 17. a3 Ba5 18. b4 cxb3 19. Qd3 Bxe4 20. Rxe4 Rxe4
21. Qxe4 d3 22. Be5 Nxe5 23. Qf5+ Kb8 24. Qxe5 Qxe5 25. Nxe5 Bc3 0-1